[Event "42nd Olympiad 2016"]
[Site "Baku AZE"]
[Date "2016.09.10"]
[Round "8.30"]
[Board "2"]
[White "Priyankara, Chamil"]
[Black "Georgiadis, Nico"]
[Result "0-1"]
[BlackTitle "IM"]
[WhiteElo "2015"]
[BlackElo "2475"]
[WhiteTeam "Sri Lanka"]
[BlackTeam "Switzerland"]
[WhiteFideId "9901566"]
[BlackFideId "1300113"]
[EventDate "2016.09.02"]

1. d4 f5 2. Nc3 Nf6 3. Bg5 d5 4. Bxf6 exf6 5. e3 Be6 6. Bd3 Qd7 7. Nge2 Nc6 8.
a3 O-O-O 9. Na4 h5 10. b4 Bd6 11. Qd2 h4 12. h3 Kb8 13. b5 Ne7 14. Nc5 Qc8 15.
a4 g5 16. a5 b6 17. Nxe6 Qxe6 18. O-O g4 19. hxg4 fxg4 20. c4 dxc4 21. Qa2 Nc8
22. Bxc4 Qe7 23. Be6 g3 24. d5 Be5 25. f4 Bxa1 26. Rxa1 Qc5 27. Nd4 Ne7 28. axb6
Qxb6 29. Qc4 Rd6 30. e4 Ka8 31. Kf1 Qb7 32. e5 fxe5 33. fxe5 Nxd5 34. Bxd5 Qxd5
35. Rxa7+ Kxa7 36. Qa4+ Kb7 37. exd6 Qxd6 0-1

[Event "42nd Olympiad 2016"]
[Site "Baku AZE"]
[Date "2016.09.10"]
[Round "8.30"]
[Board "3"]
[White "Studer, Noel"]
[Black "Lamawansa, Yasas"]
[Result "1-0"]
[WhiteTitle "IM"]
[WhiteElo "2445"]
[BlackElo "2052"]
[WhiteTeam "Switzerland"]
[BlackTeam "Sri Lanka"]
[WhiteFideId "1319620"]
[BlackFideId "9904166"]
[EventDate "2016.09.02"]

1. d4 d5 2. c4 e6 3. Nf3 c6 4. e3 Nf6 5. b3 Nbd7 6. Bd3 Bd6 7. Bb2 O-O 8. O-O b6
9. Nc3 Bb7 10. Qe2 Qe7 11. Rfe1 Rfe8 12. e4 dxe4 13. Nxe4 Nxe4 14. Qxe4 Nf6 15.
Qh4 h6 16. Re3 Nh7 17. Qg4 f5 18. Qh3 Bf4 19. Re2 Ng5 20. Nxg5 Qxg5 21. Rae1 Kf7
22. c5 b5 23. Qf3 Re7 24. h4 Qg4 25. Qxg4 fxg4 26. Re4 Bc7 27. Rxg4 Rd8 28. Be4
Kf8 29. b4 a5 30. a4 e5 31. axb5 Bc8 32. Rg3 exd4 33. Rf3+ 1-0

[Event "42nd Olympiad 2016"]
[Site "Baku AZE"]
[Date "2016.09.10"]
[Round "8.30"]
[Board "4"]
[White "Kalugampitiya, R S"]
[Black "Forster, Richard"]
[Result "0-1"]
[BlackTitle "IM"]
[WhiteElo "2107"]
[BlackElo "2459"]
[WhiteTeam "Sri Lanka"]
[BlackTeam "Switzerland"]
[WhiteFideId "9901124"]
[BlackFideId "1301764"]
[EventDate "2016.09.02"]

1. e4 c5 2. Nf3 e6 3. d4 cxd4 4. Nxd4 a6 5. Nc3 b5 6. a4 b4 7. Nce2 Bb7 8. Ng3
Qc7 9. Bd3 Nf6 10. O-O h5 11. Re1 h4 12. Nf1 h3 13. g3 Bc5 14. Nb3 Ba7 15. Bf4
d6 16. Nfd2 Nbd7 17. Nc4 Ne5 18. Bxe5 dxe5 19. Nba5 Bc8 20. Qd2 Ng4 21. Rf1 O-O
22. Kh1 Qc5 23. Kg1 f5 24. Nb3 Qc7 25. Be2 Nf6 26. Ne3 Nxe4 27. Qxb4 Nxf2 28.
Kxf2 f4 29. gxf4 Rxf4+ 0-1

[Event "42nd Olympiad 2016"]
[Site "Baku AZE"]
[Date "2016.09.10"]
[Round "8.31"]
[Board "1"]
[White "Marciano, David"]
[Black "Volodin, Aleksandr"]
[Result "1/2-1/2"]
[WhiteTitle "GM"]
[BlackTitle "GM"]
[WhiteElo "2475"]
[BlackElo "2473"]
[WhiteTeam "Monaco"]
[BlackTeam "Estonia"]
[WhiteFideId "600423"]
[BlackFideId "4501950"]
[EventDate "2016.09.02"]

1. e4 g6 2. d4 Bg7 3. Nc3 c6 4. Be3 d5 5. Qd2 dxe4 6. Nxe4 Nd7 7. Nf3 Ngf6 8.
Nxf6+ Nxf6 9. Bc4 Ne4 10. Qe2 Nd6 11. Bb3 Qa5+ 12. c3 Bg4 13. h3 Qh5 14. Bd1
Bxf3 15. Qxf3 Qxf3 16. Bxf3 Nc4 17. Bc1 e5 18. b3 Nd6 19. dxe5 Bxe5 20. Bd2 Nb5
21. O-O-O O-O-O 22. Kc2 Na3+ 23. Kb2 Nb5 24. Kc2 Na3+ 25. Kb2 Nb5 1/2-1/2

[Event "42nd Olympiad 2016"]
[Site "Baku AZE"]
[Date "2016.09.10"]
[Round "8.31"]
[Board "2"]
[White "Ladva, Ottomar"]
[Black "Villegas, Pierre"]
[Result "1-0"]
[WhiteTitle "IM"]
[BlackTitle "FM"]
[WhiteElo "2501"]
[BlackElo "2329"]
[WhiteTeam "Estonia"]
[BlackTeam "Monaco"]
[WhiteFideId "4500024"]
[BlackFideId "654183"]
[EventDate "2016.09.02"]

1. Nf3 Nf6 2. c4 e6 3. d4 d5 4. Nc3 dxc4 5. e3 a6 6. a4 c5 7. Bxc4 Nc6 8. O-O
Be7 9. d5 exd5 10. Nxd5 Nxd5 11. Bxd5 Nb4 12. Bc4 Qxd1 13. Rxd1 Bf6 14. e4 Bg4
15. e5 Be7 16. h3 Bxf3 17. gxf3 Nc2 18. Rb1 Nd4 19. f4 O-O 20. Be3 Rfd8 21. Kg2
a5 22. Bd3 g6 23. Be4 Ra7 24. Rd2 b6 25. Rbd1 f5 26. Bd3 Kf8 27. Bb5 Ne6 28. Bc4
Rxd2 29. Rxd2 Nd4 30. Bxd4 cxd4 31. Rxd4 Ra8 32. Rd7 Rd8 33. Rc7 Rd2 34. b3 Bh4
35. Kf3 Rxf2+ 36. Ke3 Rh2 37. Rf7+ Ke8 38. Rb7 Be7 39. Kd4 Rd2+ 40. Ke3 Rh2 41.
Kd3 Rxh3+ 42. Kd4 g5 43. fxg5 Bxg5 44. Kd5 Be3 45. Bb5+ Kf8 46. e6 Bc5 47. Rf7+
Kg8 48. e7 Rd3+ 1-0

[Event "42nd Olympiad 2016"]
[Site "Baku AZE"]
[Date "2016.09.10"]
[Round "8.31"]
[Board "3"]
[White "Efimov, Igor"]
[Black "Shishkov, Andrei"]
[Result "1/2-1/2"]
[WhiteTitle "GM"]
[BlackTitle "FM"]
[WhiteElo "2374"]
[BlackElo "2368"]
[WhiteTeam "Monaco"]
[BlackTeam "Estonia"]
[WhiteFideId "806404"]
[BlackFideId "4500563"]
[EventDate "2016.09.02"]

1. d4 Nf6 2. Nf3 e6 3. e3 b6 4. Bd3 Bb7 5. O-O Be7 6. b3 O-O 7. Bb2 c5 8. Nbd2
d5 9. Qe2 Nc6 10. a3 Rc8 11. Rfd1 cxd4 12. exd4 Qc7 13. c4 Rfd8 14. Rac1 dxc4
15. bxc4 Qf4 16. Re1 Bd6 17. g3 Qg4 18. Qe3 Ne7 19. Bf1 Nf5 20. Qd3 Bf4 21. Be2
Bxg3 22. hxg3 Nxg3 23. Kh2 Nge4 24. Nxe4 Bxe4 25. Qe3 Qh5+ 26. Kg1 Qg4+ 27. Kh2
Qh5+ 28. Kg1 Qg4+ 29. Kh2 Qh5+ 30. Kg1 Qg4+ 1/2-1/2

[Event "42nd Olympiad 2016"]
[Site "Baku AZE"]
[Date "2016.09.10"]
[Round "8.31"]
[Board "4"]
[White "Jezov, Roman"]
[Black "Butnorius, Algimantas"]
[Result "0-1"]
[WhiteTitle "FM"]
[BlackTitle "GM"]
[WhiteElo "2283"]
[BlackElo "2348"]
[WhiteTeam "Estonia"]
[BlackTeam "Monaco"]
[WhiteFideId "4502078"]
[BlackFideId "12800066"]
[EventDate "2016.09.02"]

1. e4 e5 2. Nf3 Nc6 3. Nc3 Nf6 4. Bb5 Bb4 5. O-O O-O 6. d3 Bxc3 7. bxc3 d6 8.
Bg5 Qe7 9. Re1 Nd8 10. d4 Ne6 11. Bc1 c5 12. Bc4 Qc7 13. dxe5 dxe5 14. Bd5 Rd8
15. c4 Rb8 16. a4 b6 17. Bd2 Nd4 18. c3 Nxf3+ 19. Qxf3 Nxd5 20. exd5 f6 21. Qg3
Bf5 22. f4 e4 23. Qf2 Qd7 24. h3 Bg6 25. Be3 f5 26. a5 Rb7 27. Reb1 Rdb8 28. Rb2
h6 29. Rab1 Be8 30. g4 bxa5 31. Bxc5 Rxb2 32. Rxb2 Rxb2 33. Qxb2 fxg4 34. Qb8
gxh3 35. Kh2 Kh7 36. Be3 Qg4 37. Qb2 Bf7 38. Qf2 a4 39. Bxa7 a3 40. d6 Bxc4 41.
f5 a2 42. d7 a1=Q 43. Bb6 e3 44. Bxe3 Bd5 0-1

[Event "42nd Olympiad 2016"]
[Site "Baku AZE"]
[Date "2016.09.10"]
[Round "8.32"]
[Board "1"]
[White "Adianto, Utut"]
[Black "Djukic, Nikola"]
[Result "1/2-1/2"]
[WhiteTitle "GM"]
[BlackTitle "GM"]
[WhiteElo "2556"]
[BlackElo "2534"]
[WhiteTeam "Indonesia"]
[BlackTeam "Montenegro"]
[WhiteFideId "7100019"]
[BlackFideId "922412"]
[EventDate "2016.09.02"]

1. Nf3 Nf6 2. c4 e6 3. d4 b6 4. g3 Ba6 5. b3 Bb4+ 6. Bd2 Be7 7. Nc3 c6 8. e4 d5
9. cxd5 Bxf1 10. Kxf1 cxd5 11. e5 Ne4 12. Kg2 O-O 13. Rc1 Qd7 14. Be3 Nc6 15.
Nxe4 dxe4 16. Nd2 Nxd4 17. Nxe4 Rfd8 18. Bxd4 Qxd4 19. Qxd4 Rxd4 20. Rhe1 Rad8
21. Rc7 R4d7 22. Rec1 f5 23. exf6 gxf6 24. Rxd7 Rxd7 25. Rc2 Kf7 26. Rd2 Rxd2
27. Nxd2 Bb4 28. Nf3 Bc3 29. Ng1 Ke7 30. Ne2 Bb2 31. Kf3 f5 32. Ke3 e5 33. h3
Ba3 34. f3 Ke6 35. g4 Bc5+ 36. Kd3 Bf2 37. Nc3 a6 38. Nd1 Bd4 39. Ne3 Bxe3 40.
Kxe3 Kf6 41. h4 Kg6 42. a4 a5 43. Kd3 e4+ 44. Ke3 exf3 45. Kxf3 fxg4+ 46. Kxg4
h5+ 47. Kf4 Kf6 48. Ke4 Ke6 49. Kf4 1/2-1/2

[Event "42nd Olympiad 2016"]
[Site "Baku AZE"]
[Date "2016.09.10"]
[Round "8.32"]
[Board "2"]
[White "Blagojevic, Dragisa"]
[Black "Ali, Muhammad Lutfi"]
[Result "1/2-1/2"]
[WhiteTitle "GM"]
[BlackTitle "IM"]
[WhiteElo "2482"]
[BlackElo "2411"]
[WhiteTeam "Montenegro"]
[BlackTeam "Indonesia"]
[WhiteFideId "900885"]
[BlackFideId "7103743"]
[EventDate "2016.09.02"]

1. d4 g6 2. c4 Nf6 3. Nf3 Bg7 4. g3 O-O 5. Bg2 d5 6. cxd5 Nxd5 7. O-O Nc6 8. Nc3
e5 9. Nxe5 Nxc3 10. Nxc6 Nxd1 11. Nxd8 Rxd8 12. Rxd1 Rxd4 13. Be3 Rxd1+ 14. Rxd1
Bf6 15. Bd4 Be7 16. Bd5 c6 17. Bb3 Bf5 18. e4 Bg4 19. f3 Be6 20. Bxe6 Rd8 21.
Bd5 cxd5 22. Bxa7 Ra8 23. Be3 dxe4 24. Rd7 Bf6 25. Rxb7 Rxa2 26. fxe4 Rxb2 27.
Rxb2 Bxb2 28. Kg2 f6 29. Kf3 h5 30. h3 Kf7 31. g4 hxg4+ 32. hxg4 1/2-1/2

[Event "42nd Olympiad 2016"]
[Site "Baku AZE"]
[Date "2016.09.10"]
[Round "8.32"]
[Board "3"]
[White "Taher, Yoseph Theolifus"]
[Black "Draskovic, Luka"]
[Result "1/2-1/2"]
[BlackTitle "IM"]
[WhiteElo "2321"]
[BlackElo "2448"]
[WhiteTeam "Indonesia"]
[BlackTeam "Montenegro"]
[WhiteFideId "7105347"]
[BlackFideId "944335"]
[EventDate "2016.09.02"]

1. e4 c5 2. Nf3 e6 3. d4 cxd4 4. Nxd4 Nf6 5. Nc3 d6 6. Be3 Nc6 7. Be2 Be7 8. Qd2
e5 9. Nb3 O-O 10. O-O a5 11. Rfd1 a4 12. Nc1 Be6 13. a3 Qa5 14. f3 Rfc8 15. Kh1
Rd8 16. Nd5 Bxd5 17. exd5 Qxd2 18. Rxd2 Na5 19. b4 axb3 20. Nxb3 Rdc8 21. Nxa5
Rxa5 22. c4 Rca8 23. Rda2 Nd7 24. Bd2 Ra4 25. Bb4 g6 26. Rb1 h5 27. Kg1 f5 28.
Kf1 Kf7 29. Bd1 R4a6 30. Be2 Ra4 31. Bd1 R4a7 32. a4 b6 33. Bd2 Rc8 34. Be2 Bd8
35. Bb4 Nc5 36. Bd1 Ke7 37. Bxc5 Rxc5 38. Bb3 Kf6 39. Re2 Rc8 40. Ke1 Rca8 41.
Kd2 Rg7 42. Bc2 Ra5 43. Rf1 Rc7 44. Bb3 h4 45. Kd3 Kf7 46. g4 Bg5 47. gxf5 gxf5
48. Rg2 Kf6 49. Rfg1 Rg7 50. f4 1/2-1/2

[Event "42nd Olympiad 2016"]
[Site "Baku AZE"]
[Date "2016.09.10"]
[Round "8.32"]
[Board "4"]
[White "Kalezic, Blazo"]
[Black "Sadikin The, Irwanto"]
[Result "1-0"]
[WhiteTitle "IM"]
[BlackTitle "IM"]
[WhiteElo "2457"]
[BlackElo "2327"]
[WhiteTeam "Montenegro"]
[BlackTeam "Indonesia"]
[WhiteFideId "921815"]
[BlackFideId "7100590"]
[EventDate "2016.09.02"]

1. e4 e5 2. Nf3 Nc6 3. Bb5 a6 4. Ba4 Nf6 5. O-O Be7 6. Re1 b5 7. Bb3 d6 8. a4
Bg4 9. c3 Na5 10. Bc2 c5 11. d3 O-O 12. Nbd2 Re8 13. h3 Bd7 14. Nf1 h6 15. Ng3
Bf8 16. Nh2 d5 17. axb5 axb5 18. Qf3 d4 19. cxd4 exd4 20. Nf5 Be6 21. Bd2 Nd7
22. Qg3 Kh7 23. Nd6 Bxd6 24. Qxd6 b4 25. Qg3 b3 26. Bd1 Nc6 27. Rb1 c4 28. dxc4
Nc5 29. Bh5 Ra2 30. Ng4 Bxg4 31. hxg4 Ne5 32. g5 g6 33. gxh6 Nxc4 34. Bb4 Nxe4
35. Qxb3 Qh4 36. g3 Qxh5 37. Qxc4 Ra7 38. Qxd4 Re5 39. Rxe4 1-0

[Event "42nd Olympiad 2016"]
[Site "Baku AZE"]
[Date "2016.09.10"]
[Round "8.33"]
[Board "1"]
[White "Gruenfeld, Yehuda"]
[Black "Smerdon, David C"]
[Result "1-0"]
[WhiteTitle "GM"]
[BlackTitle "GM"]
[WhiteElo "2451"]
[BlackElo "2531"]
[WhiteTeam "ICCD"]
[BlackTeam "Australia"]
[WhiteFideId "2800020"]
[BlackFideId "3202305"]
[EventDate "2016.09.02"]

1. e4 e6 2. d4 d5 3. Nc3 Nf6 4. Bg5 dxe4 5. Nxe4 Be7 6. Bxf6 gxf6 7. Nf3 f5 8.
Nc3 a6 9. g3 b5 10. Bg2 Bb7 11. O-O O-O 12. Ne5 Bxg2 13. Kxg2 Bf6 14. Qf3 Qxd4
15. Qxa8 Bxe5 16. Qf3 Qb6 17. Rad1 Nc6 18. Rd2 Bf6 19. Qe3 Nd4 20. f3 c5 21. Nd1
Nc6 22. c3 Ne5 23. Qe2 Nc4 24. Rc2 Qa5 25. a3 Qa4 26. Rf2 Bg5 27. f4 Bf6 28. Ne3
Nd6 29. Qf3 Ne4 30. Rfe2 Rd8 31. g4 Rd3 32. gxf5 exf5 33. Rc1 Nd6 34. Rd1 Qe4
35. Rxd3 Qxd3 36. Nd5 Qxf3+ 37. Kxf3 Bd8 38. Ne3 Kf8 39. Rd2 Ke7 40. Rd5 Bb6 41.
Nxf5+ Nxf5 42. Rxf5 a5 43. b4 axb4 44. axb4 Ke6 45. Ke4 1-0

[Event "42nd Olympiad 2016"]
[Site "Baku AZE"]
[Date "2016.09.10"]
[Round "8.33"]
[Board "2"]
[White "Ly, Moulthun"]
[Black "Collutiis, Duilio"]
[Result "1-0"]
[WhiteTitle "IM"]
[BlackTitle "IM"]
[WhiteElo "2513"]
[BlackElo "2441"]
[WhiteTeam "Australia"]
[BlackTeam "ICCD"]
[WhiteFideId "3204405"]
[BlackFideId "805475"]
[EventDate "2016.09.02"]

1. d4 Nf6 2. Bg5 e6 3. Nd2 h6 4. Bh4 c5 5. e3 b6 6. c3 Bb7 7. Ngf3 Be7 8. Bd3 d6
9. Qe2 Nbd7 10. a3 Qc7 11. e4 g5 12. Bg3 Nh5 13. O-O Nxg3 14. fxg3 O-O-O 15. a4
Kb8 16. a5 Bf6 17. axb6 axb6 18. Ra4 d5 19. e5 Bg7 20. Bb5 Kc8 21. Ne1 Nb8 22.
Nd3 c4 23. Nxc4 Rhf8 24. Nd6+ Rxd6 25. exd6 Qxd6 26. Ne5 f6 27. Ng4 Nc6 28. Ba6
Kb8 29. Bxb7 Kxb7 30. Rfa1 f5 31. Nf2 e5 32. dxe5 Bxe5 33. Nd3 Re8 34. Nxe5 Rxe5
35. Qa6+ Kc7 36. Qa8 Qe6 37. h3 Re2 38. Kh2 Qe5 39. Ra7+ Nxa7 40. Rxa7+ Kd6 41.
Qd8+ 1-0

[Event "42nd Olympiad 2016"]
[Site "Baku AZE"]
[Date "2016.09.10"]
[Round "8.33"]
[Board "3"]
[White "Bozinovic, Bogdan"]
[Black "Smirnov, Anton"]
[Result "0-1"]
[WhiteTitle "FM"]
[BlackTitle "IM"]
[WhiteElo "2219"]
[BlackElo "2482"]
[WhiteTeam "ICCD"]
[BlackTeam "Australia"]
[WhiteFideId "14502593"]
[BlackFideId "3208923"]
[EventDate "2016.09.02"]

1. d4 d5 2. c4 c6 3. Nf3 Nf6 4. Nc3 e6 5. Bg5 Nbd7 6. e3 Qa5 7. cxd5 Nxd5 8. Qd2
Bb4 9. Rc1 h6 10. Bh4 O-O 11. Bc4 N7b6 12. Bb3 Nxc3 13. bxc3 Ba3 14. Rc2 c5 15.
Ne5 f6 16. Nc4 Nxc4 17. Bxc4 b5 18. Be2 Bb7 19. O-O c4 20. f3 e5 21. Rb1 Rf7 22.
Bf2 Rc8 23. Qd1 exd4 24. cxd4 f5 25. Be1 Qa4 26. Qd2 Bd5 27. Bd1 Qa6 28. Be2 b4
29. Qd1 Qd6 30. e4 fxe4 31. fxe4 Bxe4 32. Rxc4 Rcf8 33. Rb3 Bd5 34. Rg3 Qa6 0-1

[Event "42nd Olympiad 2016"]
[Site "Baku AZE"]
[Date "2016.09.10"]
[Round "8.33"]
[Board "4"]
[White "Illingworth, Max"]
[Black "Klasan, Vladimir"]
[Result "1-0"]
[WhiteTitle "GM"]
[BlackTitle "IM"]
[WhiteElo "2458"]
[BlackElo "2401"]
[WhiteTeam "Australia"]
[BlackTeam "ICCD"]
[WhiteFideId "3205207"]
[BlackFideId "934054"]
[EventDate "2016.09.02"]

1. d4 c5 2. d5 d6 3. e4 e6 4. Nc3 a6 5. a4 Nf6 6. Nf3 exd5 7. exd5 Bg4 8. h3
Bxf3 9. Qxf3 Be7 10. Be2 Nbd7 11. g4 O-O 12. g5 Ne8 13. h4 Nc7 14. Qg2 b5 15.
axb5 axb5 16. Rxa8 Qxa8 17. O-O Qb7 18. Rd1 f5 19. Bf1 Re8 20. g6 hxg6 21. Qxg6
Ne5 22. Qxf5 Rf8 23. Qe4 Bxh4 24. f4 Nd7 25. Qg2 Bf6 26. Bd3 Bd4+ 27. Kh2 Ne5
28. Be2 Rf6 29. Ne4 Rh6+ 30. Kg3 Nxd5 31. Ng5 Qc6 32. c3 Ne3 33. Qxc6 Nxc6 34.
Bxe3 Bxe3 35. Kf3 Nd4+ 36. Kxe3 Nxe2 37. Kxe2 Rh2+ 38. Ke3 1-0

[Event "42nd Olympiad 2016"]
[Site "Baku AZE"]
[Date "2016.09.10"]
[Round "8.34"]
[Board "1"]
[White "Solomon, Kenny"]
[Black "Abdyjapar, Asyl"]
[Result "0-1"]
[WhiteTitle "GM"]
[BlackTitle "IM"]
[WhiteElo "2371"]
[BlackElo "2390"]
[WhiteTeam "South Africa"]
[BlackTeam "Kyrgyzstan"]
[WhiteFideId "14300192"]
[BlackFideId "13800337"]
[EventDate "2016.09.02"]

1. d4 Nf6 2. Nf3 e6 3. c4 c5 4. d5 exd5 5. cxd5 d6 6. Nc3 a6 7. a4 g6 8. Bf4 Bg7
9. h3 O-O 10. e3 Ne8 11. Be2 Nd7 12. O-O Qe7 13. Re1 Rb8 14. Qc2 Nc7 15. Ne4 Ne5
16. Nxe5 Bxe5 17. Bg5 f6 18. Bh6 Rf7 19. f4 Bxb2 20. Qxb2 Qxe4 21. Bf3 Qe7 22.
e4 Bd7 23. h4 b5 24. h5 b4 25. Qb3 a5 26. Bd1 Re8 27. Qg3 Kh8 28. Bb3 gxh5 29.
e5 Rg8 30. Qh2 Bg4 31. e6 Rfg7 32. Bxg7+ Rxg7 33. Re3 f5 34. Rae1 h4 35. Kf2 Ne8
36. Rh1 Qf6 37. Qxh4 Qb2+ 38. Kf1 Qd4 39. Qf2 c4 40. Bc2 b3 41. Bb1 c3 42. Rd3
Qc4 43. Bc2 Bd1 44. Bxd1 Qxd3+ 45. Qe2 Qxe2+ 46. Kxe2 c2 47. Bxc2 Rxg2+ 48. Kd3
bxc2 49. Kc4 Rd2 50. Rc1 Kg7 51. Kb5 Rxd5+ 52. Kc6 Rc5+ 53. Kd7 Kf8 54. Kd8 d5
55. e7+ Kf7 56. Rh1 c1=Q 57. Rxh7+ Kg6 0-1

[Event "42nd Olympiad 2016"]
[Site "Baku AZE"]
[Date "2016.09.10"]
[Round "8.34"]
[Board "2"]
[White "Markov, Mikhail KGZ"]
[Black "Cawdery, Daniel"]
[Result "1/2-1/2"]
[WhiteTitle "IM"]
[BlackTitle "IM"]
[WhiteElo "2433"]
[BlackElo "2416"]
[WhiteTeam "Kyrgyzstan"]
[BlackTeam "South Africa"]
[WhiteFideId "13800698"]
[BlackFideId "14300249"]
[EventDate "2016.09.02"]

1. c4 e5 2. Nc3 Nf6 3. Nf3 Nc6 4. a3 d5 5. cxd5 Nxd5 6. e4 Nb6 7. Bb5 Bd6 8. d4
exd4 9. Nxd4 Bd7 10. Nxc6 bxc6 11. Bd3 Qh4 12. Be3 O-O 13. Qc2 c5 14. Nb5 c4 15.
Bxc4 Nxc4 16. Qxc4 Bxb5 17. Qxb5 Rab8 18. Qc6 Rxb2 19. h3 Qf6 20. Rc1 Qe5 21.
Qd5 Re8 22. Qxe5 Rxe5 23. O-O Rxe4 24. Bxa7 Rb5 25. Rfd1 f6 26. Rc6 Ra4 27. Bb6
Ra6 28. Bxc7 Rxc6 29. Bxd6 Rb2 30. g4 Rcc2 31. Bg3 Rb3 32. Rd8+ Kf7 33. Ra8 Ra2
34. Ra7+ Kg6 35. Bd6 Rb1+ 36. Kg2 Rbb2 37. Bc5 Rc2 38. Bf8 Rxf2+ 39. Kg3 f5 40.
Rxg7+ Kf6 41. g5+ Ke6 42. Rxh7 f4+ 43. Kg4 Rg2+ 44. Kh5 f3 45. Re7+ Kd5 46. Rd7+
Ke6 47. Re7+ Kd5 48. Rd7+ Ke6 1/2-1/2

[Event "42nd Olympiad 2016"]
[Site "Baku AZE"]
[Date "2016.09.10"]
[Round "8.34"]
[Board "3"]
[White "Kobese, Watu"]
[Black "Tologontegin, Semetey"]
[Result "1-0"]
[WhiteTitle "IM"]
[BlackTitle "IM"]
[WhiteElo "2350"]
[BlackElo "2350"]
[WhiteTeam "South Africa"]
[BlackTeam "Kyrgyzstan"]
[WhiteFideId "14300141"]
[BlackFideId "13800574"]
[EventDate "2016.09.02"]

1. e4 d6 2. d4 Nf6 3. Nc3 Nbd7 4. g4 h6 5. Be3 c6 6. Qf3 e5 7. O-O-O b5 8. h4 b4
9. Nb1 Qa5 10. g5 exd4 11. Rxd4 Ne5 12. Qg2 hxg5 13. Bxg5 c5 14. Rd1 Bb7 15. f4
Neg4 16. Qe2 Be7 17. Bh3 Nf2 18. Bxf6 Bxf6 19. Qxf2 Bxe4 20. Bg2 Bxg2 21. Qxg2
O-O 22. Qd5 Rab8 23. Nf3 b3 24. axb3 Qa2 25. Nc3 Qa1+ 26. Kd2 Qxb2 27. Ne4 Bd8
28. Ra1 c4 29. Rhb1 c3+ 30. Nxc3 1-0

[Event "42nd Olympiad 2016"]
[Site "Baku AZE"]
[Date "2016.09.10"]
[Round "8.34"]
[Board "4"]
[White "Taalaibekov, Tagir"]
[Black "Van den Heever, Donovan"]
[Result "1/2-1/2"]
[BlackTitle "IM"]
[WhiteElo "2223"]
[BlackElo "2247"]
[WhiteTeam "Kyrgyzstan"]
[BlackTeam "South Africa"]
[WhiteFideId "13801163"]
[BlackFideId "14300494"]
[EventDate "2016.09.02"]

1. d4 Nf6 2. Nc3 d5 3. Bf4 Bf5 4. e3 e6 5. Bd3 Bxd3 6. cxd3 Bd6 7. Nge2 O-O 8.
O-O Nc6 9. Bxd6 Qxd6 10. f4 Rfd8 11. Rc1 a6 12. a3 Ne7 13. b4 Nf5 14. Rf3 a5 15.
Qb3 axb4 16. axb4 Qa6 17. Qc2 c6 18. h3 h5 19. Qd2 Qb6 20. Rb1 Ra3 21. Kh2 g6
22. Rff1 Kg7 23. Rfc1 Rh8 24. b5 c5 25. Qb2 cxd4 26. Qxa3 dxc3 27. Qxc3 Qxe3 28.
Qe5 Qxd3 29. Rd1 Qe4 30. Rdc1 Ra8 31. Rb2 Ra3 32. Rc7 b6 33. Rb7 d4 34. Qxe4
Nxe4 35. Rxb6 d3 36. Ra6 d2 37. Rxd2 Rb3 38. Rd7 Nc5 39. Rc7 Nxa6 40. bxa6 Ra3
41. a7 h4 42. Kg1 Ne3 43. Kf2 Nd5 44. Rb7 Kf6 45. Nd4 Ra2+ 46. Kf3 Ra3+ 47. Kf2
Ra2+ 48. Kf3 Ra3+ 49. Kf2 Ra2+ 50. Ke1 Nxf4 51. Nc6 Nxg2+ 52. Kf1 Ne3+ 53. Kg1
Rg2+ 54. Kh1 Rf2 55. Rxf7+ Kxf7 56. Ne5+ Kg7 57. Nc6 1/2-1/2

[Event "42nd Olympiad 2016"]
[Site "Baku AZE"]
[Date "2016.09.10"]
[Round "8.35"]
[Board "1"]
[White "Al-Modiahki, Mohamad"]
[Black "Saraci, Nderim"]
[Result "1-0"]
[WhiteTitle "GM"]
[BlackTitle "FM"]
[WhiteElo "2550"]
[BlackElo "2337"]
[WhiteTeam "Qatar"]
[BlackTeam "Kosovo"]
[WhiteFideId "12100030"]
[BlackFideId "6351921"]
[EventDate "2016.09.02"]

1. e4 e5 2. Nf3 Nc6 3. Bb5 a6 4. Ba4 Nf6 5. O-O Be7 6. Re1 b5 7. Bb3 O-O 8. h3
d6 9. c3 Na5 10. Bc2 c5 11. d4 Qc7 12. Nbd2 cxd4 13. cxd4 Nc6 14. Nb3 a5 15. Be3
a4 16. Nbd2 Nb4 17. Bb1 Bd7 18. a3 Nc6 19. Bd3 Qb7 20. Qe2 Rab8 21. Rac1 Rfe8
22. dxe5 Nxe5 23. Nxe5 dxe5 24. Bc5 Bxc5 25. Rxc5 Rbc8 26. Rec1 Rxc5 27. Rxc5 b4
28. Nc4 bxa3 29. bxa3 Qb8 30. Qb2 Qxb2 31. Nxb2 Rb8 32. Nc4 Bb5 33. Bc2 Kf8 34.
Nxe5 Be8 35. Rc4 Ra8 36. Rc7 Rd8 37. Nc4 Bb5 38. Rc5 Rd4 39. Ne3 Bd7 40. Rc4
Rxc4 41. Nxc4 Bc6 42. f3 Nd7 43. Kf2 Ke7 44. Ke3 Nc5 45. h4 h6 46. g3 Bb5 47.
Kd4 Ne6+ 48. Kc3 g5 49. hxg5 hxg5 50. Bd1 Bc6 51. Kb4 f6 52. g4 Nf4 53. Bxa4
Nd3+ 54. Kc3 Bxa4 55. Kxd3 Ke6 56. Ke3 Bb3 57. Nb6 1-0

[Event "42nd Olympiad 2016"]
[Site "Baku AZE"]
[Date "2016.09.10"]
[Round "8.35"]
[Board "2"]
[White "Makolli, Perparim"]
[Black "Al-Sayed, Mohammed"]
[Result "0-1"]
[BlackTitle "GM"]
[WhiteElo "2289"]
[BlackElo "2521"]
[WhiteTeam "Kosovo"]
[BlackTeam "Qatar"]
[WhiteFideId "908630"]
[BlackFideId "12100196"]
[EventDate "2016.09.02"]

1. e4 e5 2. Nf3 Nc6 3. Bb5 a6 4. Ba4 Nf6 5. d3 b5 6. Bb3 Bc5 7. O-O d6 8. c3 h6
9. d4 Bb6 10. dxe5 Nxe5 11. Nxe5 dxe5 12. Qxd8+ Kxd8 13. Bxf7 Bb7 14. Nd2 Ke7
15. Bg6 Rad8 16. h3 Rhf8 17. Bf5 Nh5 18. Nf3 Ng3 19. Nxe5 Nxf1 20. Kxf1 Rd6 21.
Ke1 Bxf2+ 22. Ke2 Bb6 23. Bd2 Bxe4 0-1

[Event "42nd Olympiad 2016"]
[Site "Baku AZE"]
[Date "2016.09.10"]
[Round "8.35"]
[Board "3"]
[White "Nezad, Husein Aziz"]
[Black "Fejzullahu, Afrim"]
[Result "1-0"]
[WhiteTitle "IM"]
[BlackTitle "FM"]
[WhiteElo "2427"]
[BlackElo "2298"]
[WhiteTeam "Qatar"]
[BlackTeam "Kosovo"]
[WhiteFideId "12100293"]
[BlackFideId "905631"]
[EventDate "2016.09.02"]

1. d4 Nf6 2. c4 g6 3. Nc3 Bg7 4. e4 d6 5. Nf3 O-O 6. Be2 e5 7. O-O Nc6 8. d5 Ne7
9. b4 a5 10. Ba3 axb4 11. Bxb4 b6 12. a4 Ne8 13. Qd3 Ba6 14. a5 c5 15. Ba3 bxa5
16. Bc1 h6 17. Bd2 f5 18. Qc2 Bc8 19. Bd3 f4 20. Ra3 g5 21. Rfa1 Ng6 22. Nb5 g4
23. Ne1 Qh4 24. Bf1 h5 25. Qb3 Rf7 26. Rxa5 Rxa5 27. Rxa5 Bf8 28. Ra8 Bd7 29.
Ba5 f3 30. Bd8 Be7 31. g3 Qf6 32. Bxe7 Rxe7 33. Nc2 h4 34. Nc7 hxg3 35. hxg3 Qh8
36. Nxe8 Bxe8 37. Ne3 Qh5 38. Nf5 Kf8 39. Qb8 Nf4 40. Qxd6 1-0